| 000 | 00997nam a2200217Ia 4500 | ||
|---|---|---|---|
| 003 | Ost | ||
| 005 | 20260507075026.0 | ||
| 008 | 260507s9999||||xx |||||||||||||| ||und|| | ||
| 020 | _a9775160964 | ||
| 040 | _cfsecg | ||
| 041 | _aara | ||
| 082 | _a330 | ||
| 100 |
_aالرفاعي، أشرف عبد العليم _eمؤلف |
||
| 245 | 0 |
_aإتفاق التحكيم والمشكلات العملية والقانونية في العلاقات الخاصة الدولية / _c أشرف عبد العليم الرفاعي |
|
| 260 |
_aالإسكندرية: _bدار الفكر العربي, _c2002 |
||
| 300 |
_a706 صفحة؛ _bإيضاحات ؛ _c23 سم |
||
| 520 | _aمفهوم النظام العام الداخلي- مفهوم التحكيم- مشاكل النظام العام في العلاقات العامة- مشاكل النظام العام في علاقته باتفاق التحكيم | ||
| 653 | _aالتحكيم | ||
| 653 | _aالعلاقات العامة | ||
| 942 | _cكتاب | ||
| 999 |
_c42330 _d42330 |
||